| 000 | 00637nam a22001817a 4500 | ||
|---|---|---|---|
| 999 |
_c17750 _d17750 |
||
| 008 | 221214b ||||| |||| 00| 0 eng d | ||
| 020 | _a9781544385488 | ||
| 082 |
_22020 _aDC 616.89 _bP771 |
||
| 100 |
_aPomerantz, Andrew M. _947113 |
||
| 245 |
_aClinical psychology : _bscience, practice, and diversity / _cAndrew M. Pomerantz. |
||
| 250 | _aFifth edition. | ||
| 260 |
_aLos Angeles : _bSAGE, _c©2020. |
||
| 300 |
_axxxvii, 606 pages : _billustrations ; _c23 cm. |
||
| 500 | _aIncludes glossary, bibliographical references and indexes. | ||
| 650 |
_aClinical psychology. _947114 |
||
| 650 |
_aPsychotherapy. _947115 |
||
| 942 |
_2ddc _cDC |
||